ბათუმის შოთა რუსთაველის სახელმწიფო უნივერსიტეტის ბიბლიოთეკა

Fresh Fruit & Desserts. Reader's Digest (ბიბ.ჩანაწერი № 47680)

000 -LEADER
fixed length control field 00504nam a2200205Ia 4500
001 - CONTROL NUMBER
control field 14549
003 - CONTROL NUMBER IDENTIFIER
control field GE_BSU
008 - FIXED-LENGTH DATA ELEMENTS--GENERAL INFORMATION
fixed length control field 181216s||||||||xx |||||||||||||| ||und||
020 ## - INTERNATIONAL STANDARD BOOK NUMBER
International Standard Book Number 0276424212
040 ## - CATALOGING SOURCE
Transcribing agency GE_BSU
080 ## - UNIVERSAL DECIMAL CLASSIFICATION NUMBER
Universal Decimal Classification number 641
245 ## - TITLE STATEMENT
Title Fresh Fruit & Desserts. Reader's Digest
260 ## - PUBLICATION, DISTRIBUTION, ETC.
Place of publication, distribution, etc. London
260 ## - PUBLICATION, DISTRIBUTION, ETC.
Name of publisher, distributor, etc. Published by the Reader's Digest Association Limited
260 ## - PUBLICATION, DISTRIBUTION, ETC.
Date of publication, distribution, etc. 1999
300 ## - PHYSICAL DESCRIPTION
Extent 160p.ill.25cm
653 ## - INDEX TERM--UNCONTROLLED
Uncontrolled term Fresh Fruit & Desserts
653 ## - INDEX TERM--UNCONTROLLED
Uncontrolled term Reader's Digest
942 ## - ADDED ENTRY ELEMENTS (KOHA)
Koha item type წიგნი
ეგზემპლარები
Withdrawn status Lost status Damaged status Not for loan Date acquired Barcode Date last seen Price effective from Koha item type
        2018-12-17 37436 2018-12-17 2018-12-17 წიგნი